[Event "EU-ch Rapid"]
[Site "Katowice"]
[Date "2022.12.17"]
[Round "6"]
[White "Dwilewicz, Katarzyna"]
[Black "Plaskan, Jure"]
[Result "0-1"]
[WhiteElo "2123"]
[BlackElo "2241"]
[PlyCount "70"]
[EventDate "2022.12.17"]
[EventType "swiss (rapid)"]
[EventRounds "11"]
[EventCountry "POL"]
[SourceTitle "CBM 211 Extra"]
[Source "ChessBase"]
[SourceDate "2023.01.31"]
[SourceVersion "1"]
[SourceVersionDate "2023.01.31"]
[SourceQuality "1"]

1. e4 c5 2. Nf3 e6 3. d4 cxd4 4. Nxd4 a6 5. Nc3 b5 6. Bd3 Qb6 7. Nb3 Qc7 8. 0-0 Bb7 9. Re1 d6 10. Qg4 Nd7 11. f4 b4 12. Nd1 Ngf6 13. Qg3 h5 14. Nf2 Be7 15. Bd2 a5 16. Nd4 Nc5 17. Qxg7 Rg8 18. Bb5+ Ncd7 19. Qh6 0-0-0 20. f5 e5 21. Nf3 Nc5 22. Bd3 d5 23. exd5 e4 24. Nxe4 Ncxe4 25. Bxe4 Ng4 26. Qf4 Bd6 27. Ne5 Bxe5 28. d6 Qc5+ 29. Be3 Nxe3 30. Bxb7+ Kxb7 31. Qe4+ Kb8 32. Kh1 Ng4 33. Re2 Rxd6 34. Rf1 Rd4 35. Qf3 Rf4 0-1

[Event "EU-ch Rapid"]
[Site "Katowice"]
[Date "2022.12.17"]
[Round "3"]
[White "Plaskan, Jure"]
[Black "Czarnecka, Lidia"]
[Result "0-1"]
[WhiteElo "2241"]
[BlackElo "2018"]
[PlyCount "122"]
[EventDate "2022.12.17"]
[EventType "swiss (rapid)"]
[EventRounds "11"]
[EventCountry "POL"]
[SourceTitle "CBM 211 Extra"]
[Source "ChessBase"]
[SourceDate "2023.01.31"]
[SourceVersion "1"]
[SourceVersionDate "2023.01.31"]
[SourceQuality "1"]

1. e4 c5 2. Nf3 e6 3. d4 cxd4 4. Nxd4 a6 5. c4 Nf6 6. Nc3 Bb4 7. Qd3 Nc6 8. Nxc6 dxc6 9. Qxd8+ Kxd8 10. e5 Nd7 11. Bf4 Bc5 12. 0-0-0 Ke7 13. Ne4 Bb6 14. Bg3 f6 15. exf6+ gxf6 16. c5 Ba7 17. Bc4 Bb8 18. Bd6+ Bxd6 19. cxd6+ Kf7 20. Rhe1 b5 21. Be2 h5 22. h4 Bb7 23. Ng3 f5 24. Bxh5+ Kf6 25. Bf3 Rxh4 26. Nh5+ Kf7 27. g3 Rc4+ 28. Kb1 Rh8 29. Nf4 e5 30. Ng2 e4 31. Be2 Rc5 32. Nf4 Re5 33. Rh1 Rxh1 34. Rxh1 Kg7 35. Rh5 Nf6 36. Rg5+ Kf7 37. g4 Bc8 38. Ng6 Rd5 39. Ne7 Rd2 40. Nxc8 Rxe2 41. Rxf5 Ke6 42. Rf4 Nd5 43. Rf8 Nb4 44. Kc1 Nd3+ 45. Kd1 Rxf2 46. Rf5 Nxb2+ 47. Ke1 Nd3+ 48. Kd1 Kd7 49. Ne7 Kxd6 50. Ng6 e3 51. Rxf2 Nxf2+ 52. Ke2 Nxg4 53. Nf4 Nf6 54. Nd3 Nd5 55. Kf3 c5 56. Nc1 c4 57. Ke4 Kc5 58. a3 a5 59. Ne2 b4 60. axb4+ axb4 61. Nf4 Nxf4 0-1

[Event "EU-ch Blitz"]
[Site "Katowice"]
[Date "2022.12.16"]
[Round "10"]
[White "Jaskolka, Tomasz"]
[Black "Plaskan, Jure"]
[Result "1/2-1/2"]
[WhiteElo "2188"]
[BlackElo "2241"]
[PlyCount "135"]
[EventDate "2022.12.16"]
[EventType "swiss (blitz)"]
[EventRounds "22"]
[EventCountry "POL"]
[SourceTitle "CBM 211 Extra"]
[Source "ChessBase"]
[SourceDate "2023.01.31"]
[SourceVersion "1"]
[SourceVersionDate "2023.01.31"]
[SourceQuality "1"]

1. d4 Nf6 2. c4 e6 3. g3 d5 4. Bg2 Bb4+ 5. Nd2 0-0 6. Ngf3 dxc4 7. 0-0 Bd7 8. Nxc4 Bc6 9. a3 Be7 10. e3 Nbd7 11. b4 Nb6 12. Na5 Bd5 13. Bb2 Nc4 14. Nxc4 Bxc4 15. Re1 a5 16. Qc2 Bb5 17. a4 Bc6 18. b5 Be4 19. Qb3 Bb4 20. Bc3 Qd5 21. Qxd5 Nxd5 22. Bxb4 axb4 23. Ne5 Bxg2 24. Kxg2 Ra7 25. Reb1 Rfa8 26. e4 Nc3 27. Rxb4 Nxe4 28. Kf3 Nc3 29. Rc4 Nd5 30. Nd3 b6 31. Nf4 Rd8 32. Nxd5 Rxd5 33. Rac1 Rd7 34. Ke4 Kf8 35. f4 Ke7 36. Kd3 Kd8 37. Kc3 Kc8 38. Kb4 Kb7 39. R1c2 Ra8 40. Ra2 Rad8 41. Kc3 Rd5 42. Kd3 R8d7 43. Ke4 Re7 44. Rb4 Re8 45. a5 bxa5 46. Rxa5 Rb8 47. Rc4 Kc8 48. Ra7 Rb7 49. Ra8+ Kd7 50. Rh8 Rh5 51. Rg8 g6 52. h4 Rhxb5 53. Rg7 Ke7 54. Rxh7 Rb4 55. Rxb4 Rxb4 56. h5 gxh5 57. Rxh5 Rb3 58. Rg5 Kd6 59. Rg7 Ke7 60. Rg5 Kf6 61. Rc5 Rb7 62. g4 Ke7 63. g5 Kd6 64. Ra5 Rb1 65. Ra6+ Kd7 66. Ra7 Rc1 67. Ra8 Ke7 68. Ra7 1/2-1/2

[Event "EU-ch Blitz"]
[Site "Katowice"]
[Date "2022.12.16"]
[Round "3"]
[White "Sowinski, Pawel"]
[Black "Plaskan, Jure"]
[Result "0-1"]
[WhiteElo "2064"]
[BlackElo "2241"]
[PlyCount "150"]
[EventDate "2022.12.16"]
[EventType "swiss (blitz)"]
[EventRounds "22"]
[EventCountry "POL"]
[SourceTitle "CBM 211 Extra"]
[Source "ChessBase"]
[SourceDate "2023.01.31"]
[SourceVersion "1"]
[SourceVersionDate "2023.01.31"]
[SourceQuality "1"]

1. c4 Nf6 2. Nc3 e6 3. d4 d5 4. cxd5 exd5 5. Bg5 Be7 6. e3 c6 7. Bd3 0-0 8. Qc2 h6 9. Bxf6 Bxf6 10. Nge2 Nd7 11. Ng3 b5 12. 0-0 Nb6 13. b3 a5 14. a4 b4 15. Nce2 Qd6 16. Rac1 Bb7 17. e4 dxe4 18. Nxe4 Qe7 19. Nc5 Bc8 20. Be4 Nd5 21. Rfe1 Qd8 22. Rcd1 Bg4 23. f3 Ne3 24. Qd2 Nxd1 25. Rxd1 Bd7 26. Qc2 Rc8 27. Ng3 Be6 28. Nxe6 fxe6 29. Qc4 Qd7 30. Ne2 Bg5 31. g3 Be3+ 32. Kg2 c5 33. d5 Kh8 34. Rd3 Bd4 35. dxe6 Qe7 36. Nf4 Rxf4 37. gxf4 Rf8 38. Qd5 Rxf4 39. Qa8+ Rf8 40. Qd5 Qf6 41. Rd1 Re8 42. Kh1 Qxe6 43. Qxe6 Rxe6 44. Rc1 g5 45. Kg2 Kg7 46. h3 Kf6 47. Kf1 Ke5 48. Ke2 Kf4 49. Kd3 Be3 50. Re1 Rd6+ 51. Kc4 Rd4+ 52. Kb5 Rd2 53. Kxa5 Rb2 54. Bd5 h5 55. Kb5 Ra2 56. a5 Bf2 57. Re4+ Kg3 58. a6 Kxh3 59. Re7 c4 60. Bxc4 Kg3 61. Rg7 Be3 62. Kxb4 h4 63. Kb5 h3 64. b4 h2 65. Rh7 Ra1 66. f4 gxf4 67. Bd5 f3 68. Rg7+ Kf2 69. Rh7 h1Q 70. Rxh1 Rxh1 71. Kc6 Ra1 72. b5 Kg3 73. Bxf3 Kxf3 74. Kb7 Rb1 75. Kc6 Ke4 0-1

[Event "SLO-chT NML 31st"]
[Site "Ptuj/Grosuplje"]
[Date "2021.10.16"]
[Round "5.2"]
[White "Ivanisevic, Ivan"]
[Black "Plaskan, Jure"]
[Result "1-0"]
[WhiteElo "2605"]
[BlackElo "2186"]
[PlyCount "71"]
[EventDate "2021.10.08"]
[EventType "team-tourn"]
[EventRounds "9"]
[EventCountry "SLO"]
[SourceTitle "EXT 2023"]
[Source "ChessBase"]
[SourceDate "2022.10.05"]
[SourceVersion "1"]
[SourceVersionDate "2022.10.05"]
[SourceQuality "1"]
[WhiteTeam "Ptuj"]
[BlackTeam "Domzale"]
[WhiteTeamCountry "SLO"]
[BlackTeamCountry "SLO"]

1. c4 Nf6 2. Nc3 g6 3. d4 Bg7 4. e4 d6 5. h3 0-0 6. Be3 Na6 7. Nf3 e5 8. d5 c6 9. Nd2 Bd7 10. Be2 Nc7 11. 0-0 cxd5 12. cxd5 b5 13. b4 a5 14. a4 axb4 15. Nxb5 Qb8 16. Nxc7 Qxc7 17. Bb5 Rfb8 18. Rc1 Qd8 19. Bc6 Bxc6 20. dxc6 Qc7 21. Qb3 Ra6 22. Qc4 Rxa4 23. Rfd1 Ra3 24. Nb1 Ra1 25. Rd3 Bf8 26. Rb3 Ra5 27. Rd3 Rbb5 28. Rcd1 h6 29. Nd2 d5 30. exd5 Nxd5 31. Ne4 Nxe3 32. Rxe3 Rc5 33. Nxc5 Rxc5 34. Qxb4 Qe7 35. Rd7 Qg5 36. Qb3 1-0

[Event "SLO-chT NML 31st"]
[Site "Ptuj/Grosuplje"]
[Date "2021.10.15"]
[Round "4.5"]
[White "Plaskan, Jure"]
[Black "Bosiocic, Marin"]
[Result "0-1"]
[WhiteElo "2186"]
[BlackElo "2573"]
[PlyCount "76"]
[EventDate "2021.10.08"]
[EventType "team-tourn"]
[EventRounds "9"]
[EventCountry "SLO"]
[SourceTitle "EXT 2023"]
[Source "ChessBase"]
[SourceDate "2022.10.05"]
[SourceVersion "1"]
[SourceVersionDate "2022.10.05"]
[SourceQuality "1"]
[WhiteTeam "Domzale"]
[BlackTeam "Novo Mesto Krka"]
[WhiteTeamCountry "SLO"]
[BlackTeamCountry "SLO"]

1. e4 c5 2. Nf3 d6 3. d4 cxd4 4. Nxd4 Nf6 5. Nc3 a6 6. Bc4 e6 7. a4 Be7 8. 0-0 0-0 9. Be3 Qc7 10. Qe2 Nc6 11. f4 Nb4 12. Bb3 Bd7 13. f5 e5 14. Nf3 d5 15. exd5 Bxf5 16. Bg5 Ng4 17. Nh4 Bxg5 18. Nxf5 Nh6 19. Ne4 Nxf5 20. Rxf5 Bf4 21. c3 Qb6+ 22. Kh1 Nd3 23. Bc2 Nc5 24. Nf6+ Kh8 25. Nxh7 g6 26. Rf6 Qxb2 27. Rb1 Qa2 28. Nxf8 Rxf8 29. Rd1 Kg7 30. Rb6 Rh8 31. h3 g5 32. c4 Qa3 33. Qg4 e4 34. Rf1 Rh4 35. Qf5 Qg3 36. Qf6+ Kg8 37. Rxf4 Rxf4 38. Qd8+ Kg7 0-1

[Event "Otocec Krka Terme op"]
[Site "Otocec"]
[Date "2021.07.03"]
[Round "1"]
[White "Rozman, Roman"]
[Black "Plaskan, Jure"]
[Result "0-1"]
[WhiteElo "1777"]
[BlackElo "2190"]
[PlyCount "136"]
[EventDate "2021.07.03"]
[EventType "swiss"]
[EventRounds "9"]
[EventCountry "SLO"]
[SourceTitle "CBM 203 Extra"]
[Source "ChessBase"]
[SourceDate "2021.09.30"]
[SourceVersion "1"]
[SourceVersionDate "2021.09.30"]
[SourceQuality "1"]

1. d4 Nf6 2. c4 g6 3. Nc3 Bg7 4. e4 d6 5. Nf3 0-0 6. Be2 e5 7. dxe5 dxe5 8. Qxd8 Rxd8 9. Bg5 Re8 10. 0-0-0 h6 11. Bh4 Na6 12. Nd5 Nxe4 13. Nd2 Nxd2 14. Rxd2 g5 15. Bg3 c6 16. Nc3 f5 17. f3 Nc5 18. Bf2 Ne6 19. Re1 Nd4 20. Bf1 Be6 21. Red1 Bf6 22. Re1 Rad8 23. Bg3 Bf7 24. Bf2 b6 25. Bg3 g4 26. f4 e4 27. Bf2 Ne6 28. g3 Rxd2 29. Kxd2 Rd8+ 30. Kc1 Bxc3 31. bxc3 Kf8 32. Kc2 c5 33. Be3 Be8 34. Kb3 Rd6 35. a4 Kg7 36. Be2 Nd8 37. Rd1 Rxd1 38. Bxd1 Nc6 39. Be2 Na5+ 40. Ka3 Bf7 41. Bg1 Bxc4 42. Bd1 Kf6 43. Be3 Ke6 44. Bf2 Kd5 45. Be3 Nb7 46. Kb2 Nd6 47. Kc1 Kc6 48. Kb2 b5 49. axb5+ Kxb5 50. Ka3 a5 51. Ba4+ Kb6 52. Bd1 Bd3 53. Bb3 Bb5 54. Bg1 a4 55. Be6 Bc4 56. Bxc4 Nxc4+ 57. Kxa4 e3 58. Kb3 e2 59. Kxc4 e1Q 60. Bxc5+ Kc6 61. Bd4 Qe2+ 62. Kb4 Qb5+ 63. Ka3 Kd5 64. Be3 Kc4 65. Ka2 Qb3+ 66. Ka1 Qc2 67. Bd4 Kb3 68. Be5 Qb2# 0-1

[Event "EU-ch Online U2300 Qual"]
[Site "Chess.com INT"]
[Date "2020.05.25"]
[Round "4"]
[White "Plaskan, Jure"]
[Black "Schitco, Ivan"]
[Result "1/2-1/2"]
[WhiteElo "2175"]
[BlackElo "2467"]
[PlyCount "174"]
[EventDate "2020.05.25"]
[EventType "swiss"]
[EventRounds "8"]
[EventCountry "NET"]
[SourceTitle "EXT 2021"]
[Source "ChessBase"]
[SourceDate "2020.10.23"]
[SourceVersion "1"]
[SourceVersionDate "2020.10.23"]
[SourceQuality "1"]

1. e4 e5 2. Nf3 Nc6 3. Bb5 a6 4. Ba4 d6 5. 0-0 Bd7 6. c3 g6 7. d4 Bg7 8. Bb3 Nf6 9. Re1 0-0 10. h3 Qe7 11. Nbd2 Rae8 12. Nf1 Qd8 13. Ng3 h6 14. dxe5 Nxe5 15. Nxe5 dxe5 16. Be3 Qe7 17. Qd2 Kh7 18. Rad1 Bc6 19. f3 a5 20. Qf2 b6 21. a3 a4 22. Ba2 Rd8 23. c4 Nd7 24. Ne2 Nc5 25. Bb1 Rxd1 26. Rxd1 Ne6 27. Nc3 Rd8 28. Nd5 Qf8 29. h4 h5 30. Bc2 Rd7 31. Nb4 Rxd1+ 32. Bxd1 Be8 33. Qd2 Bh6 34. Nd5 Bxe3+ 35. Qxe3 Kg7 36. Nc3 Qd6 37. Kf2 Nc5 38. Bc2 Bc6 39. Nd5 Bxd5 40. exd5 Qf6 41. Qg5 Qf4 42. Qxf4 exf4 43. g3 fxg3+ 44. Kxg3 f6 45. Kf4 Kh6 46. Kg3 g5 47. Kh3 Kg7 48. Kg3 Kf7 49. Kh3 Ke7 50. Kg3 Kd6 51. f4 g4 52. Bg6 Ke7 53. Bxh5 f5 54. Bg6 Kf6 55. Be8 Nd3 56. Bxa4 Nxb2 57. Bb5 Nd3 58. a4 Nc5 59. Be8 Ke7 60. Bg6 Ne4+ 61. Kg2 Nd6 62. h5 Kf6 63. c5 bxc5 64. a5 c4 65. a6 Nc8 66. Be8 c3 67. Ba4 Kg7 68. Kg3 Kh6 69. Kh4 Na7 70. Bc2 g3 71. Kxg3 Kxh5 72. Bxf5 Kh6 73. Kg4 Kg7 74. Kg5 Kf7 75. Bc2 c6 76. dxc6 Nxc6 77. f5 Ke7 78. Kg6 Kf8 79. Kf6 Na7 80. Ke6 Nb5 81. Kd5 Nc7+ 82. Kc4 Nxa6 83. Kxc3 Nc5 84. Kd4 Nd7 85. Kd5 Nf6+ 86. Ke6 Kg7 87. Bd3 Ng8 1/2-1/2

[Event "EU-ch Online U2300 Qual"]
[Site "Chess.com INT"]
[Date "2020.05.25"]
[Round "3"]
[White "Spyropoulos, Nikolaos"]
[Black "Plaskan, Jure"]
[Result "1-0"]
[WhiteElo "2403"]
[BlackElo "2175"]
[PlyCount "73"]
[EventDate "2020.05.25"]
[EventType "swiss"]
[EventRounds "8"]
[EventCountry "NET"]
[SourceTitle "EXT 2021"]
[Source "ChessBase"]
[SourceDate "2020.10.23"]
[SourceVersion "1"]
[SourceVersionDate "2020.10.23"]
[SourceQuality "1"]

1. e4 c5 2. Nf3 d6 3. d4 cxd4 4. Nxd4 Nf6 5. Nc3 a6 6. h3 e5 7. Nde2 Be7 8. g4 h6 9. Bg2 Nc6 10. Be3 b5 11. 0-0 0-0 12. Ng3 Be6 13. a4 b4 14. Nd5 Bxd5 15. exd5 Na5 16. b3 Rc8 17. Qd2 Re8 18. Qxb4 Nd7 19. Qd2 Nb7 20. Nf5 Bf8 21. Rfe1 Qc7 22. Rac1 Nbc5 23. a5 Nb7 24. b4 Qc3 25. Qxc3 Rxc3 26. Bf1 Ra8 27. Bd2 Rc7 28. c4 Nf6 29. f4 g6 30. fxe5 Nd7 31. exd6 Nxd6 32. Nxd6 Bxd6 33. c5 Bg3 34. Re2 Rd8 35. d6 Rcc8 36. Rg2 Be5 37. Bxa6 1-0